Регионална библиотека "Любен Каравелов" - Русе

Готварска книга за мъже (Запис номер 196671)

MARC детайли
000 -Лидер
Контролно поле с фиксирана дължина 01218nam a2200325 c 4500
003 - Код на организацията, давaща контролен номер
Контролно поле BLK
005 - Дата и час на последна редакция
Контролно поле 20240815142241.0
008 - Елементи от данни с фиксирана дължина
fixed length control field 180411b bul|||||r ||||||| ||bul||
010 ## - Наследен системен номер
LC control number KNG00205944000
040 ## - Източник на каталожния запис
Идентификатор на билиотеката - собственик на записа BLK
041 ## - Код за език
Код за езика на текст/звукозапис или на отделно заглавие Български
Код за езика КДБФ Български
080 ## - УДК
Текстов определител УДК Хранителни продукти. Приготвяне на храната
УДК код - определител по УДК 641
УДК определител
УДК - код + определител 641
100 1# - Редна дума - Автор
Автор Саралиев, Петър
Авторска отговорност първи автор
R(LIN) 347510
139 ## - Редно поле
Редна дума Саралиев, Петър
Авторски знак Сар - С 20
245 10 - Сведения за заглавието
Заглавие Готварска книга за мъже
Подзаглавни данни Сб. рецепти
Редно поле (дума) Петър Саралиев.
250 ## - Област на изданието
Сведения за изданието 2. изд.
257 ## - Страна на издаване
Страна на създаване/издаване България
260 ## - Област на издателските данни
-- София
Име на издателя, разпространителя и проч. Земиздат
Година на издаване 1984
Печатница София : ДП Г. Димитров
300 ## - Физическа характеристика
Страници 115 с., 8 л.
Илюстрации и др. ил.
Размери/Мащаб 21 см
380 ## - Жанр
Жанр Техника
500 ## - Общи забележки
Забележка 1. изд. 1984. - 100 100 тир., 400 000 доп. тир.
650 #4 - Допълнително описание по предмет – тема
Основно описание – тема или топоним Готварство - рецепти
9 (RLIN) 241856
653 ## - Ключова дума – ненормативна
Ключова дума готварски рецепти
852 ## - Местоположение
Форматна сигнатура Цб 131517
856 4# - Електронен адрес и достъп
Електронен формат pdf - файл
Път до файла /url/
856 4# - Електронен адрес и достъп
Електронен формат pdf - файл
Път до файла /url/
942 ## - АРТИКУЛИ
Вид на библиотечния материал Книги
Скрит в OPAC Не
Koha issues (borrowed), all copies 3
944 ## - СЪЗДАВАНЕ И РЕДАКЦИЯ на ЗАПИСА
Създаване/Редакция Създаване
Дата на регистрацията/редакция 09.05.2017
Статус, дата на статуса Христина Везирева
Служител, извършил регистрацията/редакцията 30535
944 ## - СЪЗДАВАНЕ И РЕДАКЦИЯ на ЗАПИСА
Създаване/Редакция Редакция
Дата на регистрацията/редакция 26.05.2017
Статус, дата на статуса ф /
Служител, извършил регистрацията/редакцията Людмила_Стоянова
999 ## - СИСТЕМНИ КОНТРОЛНИ НОМЕРА
Koha biblionumber 196671
Koha biblioitemnumber 196671
Наличности
Код за отписване Код за изгубен артикул Източник на класификационната схема Код за повреда Коз за рестрикции Код за отдаване Артикулен № Име на библиотеката - собственик Име на библиотеката, в която се намира в момента Статус (Текущо местоположение) Дата на вписване в системата Местоположение - отдел Цена в лева Инвентарен номер Систематично азбучна сигнатура Баркод Номер на екземпляра Цена в евро Служебна бележка Служебен тип на артикула
Изтеглен Не е изгубен Universal Decimal Classification Не е повреден без рестрикции заемане за дома 342868 Регионална библиотека "Любен Каравелов" Русе Регионална библиотека "Любен Каравелов" Русе Заемна - подръчен фонд 2017-05-04 Заемна - подръчен фонд 12.00 120000810571 П 64/С 20 120000810571 1 6.14 Дост: DA Вид: А N: 19 Дата: 04.05.2017 Дата инв: 07.02.2018 Бележки инв: П2018 Книги
  Не е изгубен Universal Decimal Classification Не е повреден без рестрикции ползва се в читалня 342869 Регионална библиотека "Любен Каравелов" Русе Регионална библиотека "Любен Каравелов" Русе Хранилище 1984-01-01 Хранилище 1.60 420751 Цб 131517 900000009926 2 0.82 Дост: Dp Вид: Д N: стар фонд Дата: 01.01.1984 Книги
Изтеглен Не е изгубен Universal Decimal Classification Не е повреден без рестрикции заемане за дома 342870 Регионална библиотека "Любен Каравелов" Русе Регионална библиотека "Любен Каравелов" Русе Заемна - подръчен фонд 1984-01-01 Заемна - подръчен фонд 1.60 423487 П 64/С 20 423487 3 0.82 Дост: Pk Вид: Ф N: стар фонд Дата: 01.01.1984 Книги
Изтеглен Не е изгубен Universal Decimal Classification Не е повреден без рестрикции заемане за дома 342871 Регионална библиотека "Любен Каравелов" Русе Регионална библиотека "Любен Каравелов" Русе Заемна - подръчен фонд 1984-01-01 Заемна - подръчен фонд 1.60 423488 П 64/С 20 423488 4 0.82 Дост: Pk Вид: Ф N: стар фонд Дата: 01.01.1984 Книги
Изтеглен Не е изгубен Universal Decimal Classification Не е повреден без рестрикции заемане за дома 342872 Регионална библиотека "Любен Каравелов" Русе Регионална библиотека "Любен Каравелов" Русе Заемна - подръчен фонд 1984-01-01 Заемна - подръчен фонд 1.60 423489 П 64/С 20 423489 5 0.82 Дост: Pk Вид: Ф N: стар фонд Дата: 01.01.1984 Книги
Vip Innovations Ltd, Rousse, Bulgaria 2025